Responses for show #8637 - Tuesday, May 10, 2022

Contestants

[<< previous game]

Cherry Ignacio, a software product manager from Maryland Heights, Missouri

Mallory Kass, a children's book editor from Brooklyn, New York

Danielle Maurer, a digital marketing manager from Peachtree Corners, Georgia (whose 2-day cash winnings total $27,999)

[next game >>]

Jeopardy! Round responses

STATE CAPITAL ATTRACTIONS
NUMERIC HOMOPHONES
FROM SHE TO SHINING SHE
JEWISH-AMERICAN TRADITIONS
OUTSIDE YOUR HOUSE
COLLEGE SPORTS MASCOTS
    $200 28
Atlanta

Danielle
    $200 29
won

Mallory
    $200 2
(Marie) Curie

Danielle
    $200 25
a Chinese restaurant

Mallory
    $200 30
a welcome mat

Danielle
    $200 19
(Mayim: Yes, a mascot to be very afraid of.)

the University of Oklahoma

Mallory
    $400 4
Honolulu

Danielle
    $400 24
ate

Mallory
    $400 20
(Rosa) Parks

Mallory
    $400 6
latkes

Cherry
    $400 13
hammocks

Danielle
    $400 22
Matador

Triple Stumper
    $600 3
the Mormon Tabernacle

Mallory
    $600 1
fore

Mallory
    $600 17
Serena Williams

Cherry
    $600 9
charity

Triple Stumper
    $600 14
a mailbox

Danielle
    $600 23
a bulldog

Mallory
    $800 5
Sacramento

Mallory
    $800 11
(Cherry: What is... five?)

too

Cherry
Triple Stumper
    $1,500 10
the Philippines

Mallory
    $800 26
a bat mitzvah

Mallory
    $800 15
a shrubbery

Danielle
    $800 7
(Mayim: After Jerry Tarkanian, known as "Tark the [*]".)

a shark

Triple Stumper
    $1000 12
(Danielle: Who is Green?)

Ethan Allen

Danielle
Triple Stumper
    $1000 21
nein

Cherry
    $1000 18
Rita Mae Brown

Triple Stumper
    $1000 27
(Danielle: What is Passover?)

a (Passover) seder

DanielleMallory
    $1000 16
a septic tank

Danielle
    $1000 8
CU Boulder

Mallory

Scores at the first commercial break (after clue 15):

Danielle Mallory Cherry
$1,400 $4,500 -$400

Scores at the end of the Jeopardy! Round:

Danielle Mallory Cherry
$1,800 $8,300 $1,200

Double Jeopardy! Round responses

SHAKESPEARE PLAYS BY QUOTE
U.S. GOVERNMENT
JOHN GOODMAN IS HARD TO FIND
JAPANESE HISTORY
"G" WHIZ
THE WWF
(Mayim: That would be the World Wildlife Fund.)
    $400 14
Macbeth

Mallory
    $400 26
Supreme Court Justices

Danielle
    $400 17
Sesame Street

Danielle
    $400 25
(Cherry: What is Shintoism?)
(Danielle: What is Christianity?)

Buddhism

DanielleCherry
Triple Stumper
    $400 1
a gambit

Triple Stumper
    $400 6
a tiger

Danielle
    $800 13
Hamlet

Mallory
    $800 22
the Situation room

Cherry
    $800 23
[Cherry does not include "The" in her response.]

The West Wing

Cherry
    $800 21
the emperor

Mallory
    $800 2
geometric

Danielle
    $800 19
(Cherry: What is sea bass?)

salmon

DanielleCherry
    $1200 3
(Danielle: What is Romeo and Juliet?)
(Mallory: What is Antony and Cleopatra?)

Othello

DanielleMallory
Triple Stumper
    $1200 7
development

Triple Stumper
    $1200 24
(Mayim: Yes, less than a minute.)

Futurama

Danielle
    $1200 5
the (Olympic) torch

Cherry
    $2,000 8
geriatrics

Danielle
    $1200 20
"Across The Universe"

Triple Stumper
    $2,000 4
Antony and Cleopatra

Danielle
    $1600 15
the Joint Chiefs of Staff

Cherry
    $1600 11
the Zero

Triple Stumper
    $1600 9
(Cherry: What is glutton? Gluttony?)

gluttonous & glutenous

DanielleCherry
    $1600 27
[The end-of-round signal sounds.]

a polar bear

Danielle
    $2000 12
Richard III

Triple Stumper
    $2000 16
the Foreign Relations Committee

Cherry
    $2000 18
(Cherry: What is Italy?)

Portugal

DanielleCherry
    $2000 10
gleaners

Triple Stumper

Scores at the end of the Double Jeopardy! Round:

Danielle Mallory Cherry
$13,400 $9,100 $2,800

[wagering suggestions for these scores]

Final Jeopardy! Round responses

LIVE MUSIC
CherryWhat are woodstock and lollapalooza?
$2,100
MalloryWhat are Cochella & Woodstock?
$5,000
DanielleWhat are Burn Coachella & Burning Man
$4,801
Woodstock ('99 or 1999) & Coachella

Final scores:

Danielle Mallory Cherry
$8,599 $14,100 $700
2nd place: $2,000 New champion: $14,100 3rd place: $1,000

Game dynamics:

Coryat scores:

Danielle Mallory Cherry
$12,200 $8,400 $2,800
19 R
(including 2 DDs),
4 W
16 R
(including 1 DD),
1 W
8 R,
5 W

Combined Coryat: $23,400

The J! Archive is created by fans, for fans. Scraping, republication, monetization, and malicious use prohibited; this site may use cookies and collect identifying information. See terms. The Jeopardy! game show and all elements thereof, including but not limited to copyright and trademark thereto, are the property of Jeopardy Productions, Inc. and are protected under law. This website is not affiliated with, sponsored by, or operated by Jeopardy Productions, Inc. Join the discussion at JBoard.tv.